[Event "17th Spring Festival"]
[Site "Budapest HUN"]
[Date "2001.03.20"]
[Round "5"]
[White "Resika,N"]
[Black "Gara,A"]
[Result "1/2-1/2"]
[WhiteElo "2288"]
[BlackElo "2344"]

1.e4 c5 2.Nf3 Nc6 3.d4 cxd4 4.Nxd4 Nf6 5.Nc3 d6 6.Bg5 e6 7.Qd2 Be7 8.O-O-O O-O
9.Be2 Nxd4 10.Qxd4 Nxe4 11.Bxe7 Nxc3 12.Qh4 Nxe2+ 13.Kb1 Qb6 14.Rxd6 Nc3+
15.Ka1 Qa5 16.bxc3 Qxc3+ 17.Kb1 Re8 18.Rd3 Qc6 19.Re1 e5 20.Rxe5 Be6 21.Qg5 g6
22.Rd6 Qc7 23.Rexe6 fxe6 24.Rxe6 Qc3 25.Qd5 Kg7 26.Qd7 Kh6 27.Bg5+ Kxg5 28.h4+ Kh6
29.Rxe8 Qb4+ 30.Kc1 Qf4+ 31.Kb1 Qb4+ 32.Kc1 Qf4+ 33.Kb1  1/2-1/2

[Event "Open"]
[Site "Bad Woerishofen GER"]
[Date "2001.03.23"]
[Round "9"]
[White "Mainka,R"]
[Black "Bischoff,D"]
[Result "1-0"]
[WhiteElo "2476"]
[BlackElo "2222"]

1.e4 c5 2.Nf3 d6 3.d4 cxd4 4.Nxd4 Nf6 5.Nc3 Nc6 6.Bg5 e6 7.Qd2 a6 8.O-O-O h6
9.Nxc6 bxc6 10.Bf4 d5 11.Qe3 Be7 12.Be2 O-O 13.Qg3 Kh8 14.Bc7 Qd7 15.Be5 Qb7
16.exd5 cxd5 17.Rd4 Ne8 18.Bd3 Bf6 19.Re1 Bxe5 20.Rxe5 Rb8 21.b3 Qc7 22.Nxd5 Qa7
23.Qe3 f6 24.Rb4 Qa8 25.Rxb8 Qxb8 26.Qe4 f5 27.Qb4 Qd6 28.Qxd6 Nxd6 29.Ne7  1-0

[Event "Tch-NED"]
[Site "NED"]
[Date "2001.03.24"]
[Round "7"]
[White "Van Blitterswijk,S"]
[Black "Cifuentes Parada,R"]
[Result "1-0"]
[WhiteElo "2333"]
[BlackElo "2496"]

1.e4 c5 2.Nf3 Nc6 3.d4 cxd4 4.Nxd4 Nf6 5.Nc3 d6 6.Bg5 Bd7 7.Be2 Qa5 8.Bxf6 gxf6
9.O-O Rg8 10.Nd5 Bh3 11.Bf3 Ne5 12.Nf4 Bd7 13.Kh1 Nxf3 14.Qxf3 Qg5 15.Nd5 Rc8
16.g3 Rg6 17.Nf5 Qg4 18.Qd3 e6 19.f3 Qg5 20.h4 Rh6 21.Nxh6 Qxg3 22.Nxf6+ Kd8
23.Nxf7+ Kc7 24.Ng4 Qxh4+ 25.Kg2 Qh5 26.Nxd6 Bxd6 27.Rfd1 Qc5 28.e5  1-0

[Event "Tch-NED"]
[Site "NED"]
[Date "2001.03.24"]
[Round "7"]
[White "Willemze,J"]
[Black "Van der Poel,H"]
[Result "1/2-1/2"]
[WhiteElo "2287"]
[BlackElo "2295"]

1.e4 c5 2.Nf3 d6 3.d4 cxd4 4.Nxd4 Nf6 5.Nc3 Nc6 6.Bg5 e6 7.Qd2 Be7 8.O-O-O O-O
9.f3 d5 10.exd5 Nxd5 11.Bxe7 Ncxe7 12.Nxd5 Nxd5 13.c4 Nb6 14.Qb4 Qg5+ 15.Kb1 e5
16.Nb5 Bf5+ 17.Ka1 Rad8 18.Nd6 Nc8 19.c5 b6 20.Bc4 Nxd6 21.cxd6 Qxg2 22.Bd5 Qg6
23.Rd2 e4 24.fxe4 Be6 25.Bxe6 Qxe6 26.Qd4 Rd7 27.e5 f6 28.exf6 Qxf6 29.Qd5+ Qf7
30.Qc6  1/2-1/2

[Event "Tch-NED"]
[Site "NED"]
[Date "2001.03.25"]
[Round "8"]
[White "Dutreeuw,M"]
[Black "Van Delft,M"]
[Result "1-0"]
[WhiteElo "2413"]
[BlackElo "2340"]

1.e4 c5 2.Nf3 d6 3.d4 cxd4 4.Nxd4 Nf6 5.Nc3 Nc6 6.Bg5 e6 7.Qd2 Be7 8.O-O-O Nxd4
9.Qxd4 O-O 10.f4 Qa5 11.e5 dxe5 12.Qxe5 Qxe5 13.fxe5 Nd5 14.Bxe7 Nxe7 15.Bd3 b6
16.Be4 Rb8 17.Rhe1 Ng6 18.Bxg6 hxg6 19.g3 Rb7 20.Ne4 Rc7 21.Rd4 f6 22.Nd6 Bd7
23.c3 g5 24.Kd2 Kh7 25.c4 Kg6 26.b3 a6 27.a4 f5 28.Kc3 g4 29.Re2 Bc6 30.Rf4 Bf3
31.Rf2 Kh5 32.h4 Rb8 33.Rh2 Rd8 34.b4 a5 35.b5 Rc5 36.Kd4 Rd7 37.Rf2 g6 38.Rf1 Be2
39.Rc1 Rxd6+ 40.exd6 e5+ 41.Ke3 exf4+ 42.Kxe2 Re5+ 43.Kf1 Re8 44.gxf4 g3
45.d7 Rd8 46.Rd1 Kg4 47.c5 bxc5 48.b6 c4 49.b7 c3 50.Rc1 c2 51.Rxc2 Kh3 52.Rd2 Kxh4
53.Kg2 Kg4 54.Rd3 Kxf4 55.Rxg3 g5 56.Rc3 Kg4 57.Rc8 Rxd7 58.b8=Q Rd2+ 59.Kf1 Rd4
60.Qb5  1-0

[Event "Open"]
[Site "Bled SLO"]
[Date "2001.03.26"]
[Round "3"]
[White "Furlan,M"]
[Black "Zelcic,R"]
[Result "0-1"]
[WhiteElo "2326"]
[BlackElo "2500"]

1.e4 c5 2.Nf3 d6 3.d4 cxd4 4.Nxd4 Nf6 5.Nc3 Nc6 6.Bg5 e6 7.Qd2 Qb6 8.Nb3 a6
9.Bxf6 gxf6 10.f4 Bd7 11.Be2 h5 12.h4 Na5 13.O-O-O Nxb3+ 14.cxb3 O-O-O 15.Bf3 Kb8
16.Kb1 Rc8 17.Rhe1 Be7 18.Re3 Rc5 19.f5 Re5 20.Rd3 Bc6 21.Qf4 Qd8 22.b4 Qc8
23.fxe6 fxe6 24.a3 Qf8 25.Qd2 f5 26.exf5 Bxf3 27.Rxf3 Rxf5 28.Rdf1 Rxf3 29.Rxf3 Qh6
30.Qd4 Rf8 31.Rxf8+ Qxf8 32.g3 Bf6 33.Qf4 Qe7 34.Ne4 Be5 35.Qh6 Qf7 36.Qe3 Qf1+
37.Ka2 Qg2 38.Nd2 Qxg3  0-1

[Event "Open"]
[Site "Bled SLO"]
[Date "2001.03.27"]
[Round "4"]
[White "Zelcic,R"]
[Black "Kozul,Z"]
[Result "1-0"]
[WhiteElo "2500"]
[BlackElo "2594"]

1.e4 c5 2.Nf3 Nc6 3.d4 cxd4 4.Nxd4 Nf6 5.Nc3 d6 6.Bg5 e6 7.Qd3 a6 8.O-O-O Ne5
9.Qg3 h6 10.f4 hxg5 11.fxe5 Nh5 12.Qe3 Qb6 13.exd6 Bxd6 14.e5 Be7 15.Bc4 Bd7
16.Rhf1 Qc7 17.Bb3 Nf4 18.g3 Ng6 19.Nd5 Qc5 20.Nxe7 Qxe7 21.Nf3 g4 22.Ng5 O-O
23.Ne4 Bb5 24.Nf6+  1-0

[Event "FSIMA April"]
[Site "Budapest HUN"]
[Date "2001.04.09"]
[Round "3"]
[White "Rajlich,V"]
[Black "Nezar,M"]
[Result "1/2-1/2"]
[WhiteElo "2337"]
[BlackElo "2292"]

1.e4 c5 2.Nf3 d6 3.d4 cxd4 4.Nxd4 Nf6 5.Nc3 Nc6 6.Bg5 e6 7.Qd2 Be7 8.O-O-O O-O
9.f4 Nxd4 10.Qxd4 Qa5 11.Bc4 Bd7 12.e5 dxe5 13.fxe5 Bc6 14.Bd2 Nd7 15.Nd5 Qd8
16.Nxe7+ Qxe7 17.Rhe1 Rfc8 18.Qg4 a5 19.Bg5 Qc5 20.Bf6 Qf8 21.Rxd7 Bxd7 22.Bd3 g6
23.Re3 Qc5 24.Qf4 Kf8 25.Rh3 h5 26.Rf3 Qb4 27.Bg7+ Ke8 28.Qxf7+ Kd8 29.Bf6+ Kc7
30.c3 Qc5 31.Be7 Qxe5 32.Bh4 Kc6 33.Bg3 Qg5+ 34.Bf4 Qd5 35.c4 Qd4 36.Qxg6 Rg8
37.Qxh5 b6 38.Qb5+ Kb7 39.Qh5 Rxg2 40.Qe5 Rg1+ 41.Kd2 Rg2+ 42.Kc1 Rg1+ 43.Kc2 Rg2+
44.Kc1  1/2-1/2

[Event "32nd Open"]
[Site "Mar del Plata ARG"]
[Date "2001.04.09"]
[Round "3"]
[White "Sanchez Almeyra,J"]
[Black "Abarca Aguirre,M"]
[Result "1-0"]
[WhiteElo "2440"]
[BlackElo "2334"]

1.e4 c5 2.Nf3 d6 3.d4 cxd4 4.Nxd4 Nf6 5.Nc3 Nc6 6.Bg5 e6 7.Qd2 a6 8.O-O-O Bd7
9.f4 Be7 10.Nf3 b5 11.Bxf6 Bxf6 12.Qxd6 Ra7 13.e5 Be7 14.Qd2 Qa5 15.Kb1 Bb4
16.Ng5 Bxc3 17.Qxc3 Qxc3 18.bxc3 Na5 19.Rd6 Ke7 20.h4 h6 21.Ne4 Rc8 22.Rh3 Bc6
23.Rd4 Bxe4 24.Rxe4 Rac7 25.Rd4 Rxc3 26.Rxc3 Rxc3 27.Rd6 Rc6 28.Rxc6 Nxc6
29.Kb2 Kd7 30.c4 Na7 31.cxb5 axb5 32.Kc3 Kc6 33.Bd3 Kc5 34.Bh7 Nc6 35.Bg8 Nd8
36.h5 Kc6 37.Kd4 Kb6 38.g4 Nc6+ 39.Ke4 Nd8 40.f5 exf5+ 41.gxf5 Kc5 42.a3 Kc6
43.Kd4 Kb6 44.Kd5 Kc7 45.Kc5 Nc6 46.e6 fxe6 47.fxe6 Ne7 48.Bf7 Nc8 49.Kxb5 Kb7
50.Kc5 Kc7 51.a4 Ne7 52.Be8  1-0

[Event "It"]
[Site "Antalya TUR"]
[Date "2001.04.10"]
[Round "13"]
[White "Haznedaroglu,K"]
[Black "Radulov,I"]
[Result "1/2-1/2"]
[WhiteElo "2357"]
[BlackElo "2389"]

1.e4 c5 2.Nf3 Nc6 3.d4 cxd4 4.Nxd4 Nf6 5.Nc3 d6 6.Bg5 e6 7.Bb5 Bd7 8.Bxc6 bxc6
9.Qf3 h6 10.Bh4 c5 11.Nb3 Rb8 12.e5 dxe5 13.Ne4 Be7 14.Bxf6 gxf6 15.O-O-O Rc8
16.c4 Rc6 17.Qg3 Kf8 18.Qd3 Ke8 19.Qg3 Kf8 20.Qd3  1/2-1/2

[Event "Israel Open Ch"]
[Site "Tel Aviv ISR"]
[Date "2001.04.10"]
[Round "2"]
[White "Acs,P"]
[Black "Prozhanski,G"]
[Result "1-0"]
[WhiteElo "2509"]
[BlackElo "2314"]

1.e4 c5 2.Nf3 d6 3.d4 cxd4 4.Nxd4 Nf6 5.Nc3 Nc6 6.Bg5 Qb6 7.Nb3 e6 8.Qd2 Be7
9.Bxf6 gxf6 10.O-O-O a6 11.Kb1 Bd7 12.f4 O-O-O 13.Be2 h5 14.h4 Kb8 15.Bf3 Na5
16.Qe2 Rc8 17.Rd3 Nxb3 18.axb3 Qa5 19.f5 b5 20.Bxh5 b4 21.Nd1 exf5 22.Bxf7 Rc5
23.Rd5 Rhc8 24.h5 Bf8 25.h6 fxe4 26.Qxe4 Bc6 27.Ne3 f5 28.Qxf5 Bxd5 29.Bxd5 R5c7
30.Be6 Rc5 31.Qf6 Qd8 32.Qf4 R8c7 33.Qxb4+ Rb7 34.Qd4 Re5 35.Bd5 Rbe7 36.h7 Bg7
37.h8=Q Bxh8 38.Rxh8 Qxh8 39.Qb6+ Kc8 40.Qc6+  1-0

[Event "Israel Open Ch"]
[Site "Tel Aviv ISR"]
[Date "2001.04.12"]
[Round "4"]
[White "Medvegy,N"]
[Black "Lerner,K"]
[Result "1/2-1/2"]
[WhiteElo "2346"]
[BlackElo "2575"]

1.e4 c5 2.Nf3 d6 3.d4 cxd4 4.Nxd4 Nf6 5.Nc3 Nc6 6.Bg5 e6 7.Qd2 a6 8.O-O-O h6
9.Bf4 Bd7 10.Nxc6 Bxc6 11.f3 d5 12.Qe1 Bb4 13.a3 Ba5 14.b4 Bb6 15.exd5 Bxd5
16.Be5 O-O 17.Qh4 a5 18.Bxf6 Qxf6 19.Qxf6 gxf6 20.b5 Rad8 21.Na4 Be3+ 22.Kb2 Rc8
23.c3 f5 24.Bd3 f4 25.Rhe1 Rfd8 26.Bf1 e5 27.c4 Be6 28.Kb3 f5 29.Nc3 Bd4
30.Rc1 Kf7 31.Nd5 Rc5 32.a4 Rdc8 33.Nb6 Re8 34.Nd5 Rec8 35.Nb6 R8c7 36.Na8 Re7
37.Nb6 Kf6 38.Red1 Rg7 39.Re1 Rg8 40.Red1 Rd8 41.Nd5+ Bxd5 42.cxd5 Rdxd5
43.Rxc5 Rxc5 44.Bc4 Rc7 45.Rd2 Rd7 46.Be2 e4 47.Rc2 Ke5 48.Rc8 Bf2 49.Rc1 Rg7
50.Bf1 Bg1 51.h3 Kd4 52.Rc3 Bh2 53.Kc2 Bg3 54.b6 Rg6 55.fxe4 fxe4 56.Rc4+ Ke3
57.Rxe4+ Kf2 58.Bd3 Rxb6 59.Re2+ Kg1 60.Be4 Rb4 61.Bf3 Rxa4 62.Bxb7 Rc4+
63.Kd3 Rc7 64.Bf3 Bf2 65.Re4 Be3 66.Ra4 Rc5 67.Ra1+ Kf2 68.Ra2+ Kg3 69.Ra4 Re5
70.Re4 Rb5 71.Re6 h5 72.Rg6+ Kf2 73.Ra6 Bb6 74.Kc4 Rb4+ 75.Kc3 h4 76.Ra8 Rb1
77.Re8 Bc5 78.Re2+ Kg3 79.Ra2 Bb4+ 80.Kc4 Be1 81.Ba8 Rb4+ 82.Kd3 Rb8 83.Bc6 Rc8
84.Bb7 Rc7 85.Bd5 Bb4 86.Kd4 Rd7 87.Kc4 Re7 88.Bf3 Re3 89.Ba8 Re1 90.Bf3 Rc1+
91.Kd4 Bc5+ 92.Kd3 Bb6 93.Bb7 Rc7 94.Bf3 Ra7 95.Ra4 Bc5 96.Kc4 Bb4 97.Ra2 Rd7
98.Bd5 Rc7+ 99.Kd4 Re7 100.Bc6 Re3 101.Bb7 Ba3 102.Bc6 Bb4 103.Bb7 Rc3 104.Ba8 f3
105.Bxf3 Rxf3 106.gxf3 Kxh3 107.f4 Kg3 108.f5 h3 109.f6 h2 110.Ra1 a4 111.f7 a3
112.Kc4 Bf8 113.Kb3 Kg2 114.Ra2+ Kf3 115.Ra1 Bd6 116.Ka4 Kg4 117.Kb3 Kg5
118.Kc2 Kg6 119.Kd3 Kxf7 120.Ke2 Bc5 121.Kf3 Ke6 122.Kg2 Bd6 123.Rxa3 Bxa3
124.Kxh2  1/2-1/2

[Event "ch-City"]
[Site "St Petersburg RUS"]
[Date "2001.04.14"]
[Round "5"]
[White "Yemelin,V"]
[Black "Alekseev,E"]
[Result "0-1"]
[WhiteElo "2522"]
[BlackElo "2510"]

1.e4 c5 2.Nf3 d6 3.d4 cxd4 4.Nxd4 Nf6 5.Nc3 Nc6 6.Bg5 e6 7.Qd2 a6 8.O-O-O Bd7
9.f4 b5 10.Bxf6 gxf6 11.Nxc6 Bxc6 12.Re1 Be7 13.f5 b4 14.Nd1 d5 15.exd5 Qxd5
16.Qxd5 Bxd5 17.Ne3 Bc6 18.Bc4 Bd7 19.Rhf1 h5 20.Nd1 e5 21.Ne3 a5 22.Rd1 Ra7
23.Rd5 Bf8 24.Kd2 Bh6 25.Bb5 Rg8 26.g3 Bxb5 27.Rxb5 Rg4 28.Rb8+ Ke7 29.Rh8 Bg5
30.Rf3 Rd4+ 31.Ke2 Rad7 32.Nf1 Rc4 33.c3 e4 34.Re3 Bxe3 35.Nxe3 bxc3  0-1

[Event "Open"]
[Site "Dubai UAE"]
[Date "2001.04.17"]
[Round "3"]
[White "Bengafer,M"]
[Black "Abdelnabbi,I"]
[Result "0-1"]
[WhiteElo "2245"]
[BlackElo "2434"]

1.e4 c5 2.Nf3 d6 3.d4 cxd4 4.Nxd4 Nf6 5.Nc3 Nc6 6.Bg5 e6 7.Qd2 a6 8.O-O-O Bd7
9.Nb3 h6 10.Be3 b5 11.Bd3 Ng4 12.f4 Nxe3 13.Qxe3 Be7 14.Kb1 Bf6 15.Ne2 Qc7
16.Ng3 g6 17.h4 h5 18.Ne2 Qa7 19.Qg3 O-O-O 20.c3 e5 21.Bc2 Bg4 22.Rd2 Rhe8
23.Nec1 Bg7 24.Bd1 Bxd1 25.Rhxd1 exf4 26.Qxf4 Be5 27.Qf3 Qe7 28.Nd3 Qxh4
29.Qxf7 Qxe4 30.Re1 Qf5 31.Qd5 Kc7 32.Rf2 Ne7 33.Rxf5 Nxd5 34.Rg5 Nf4 35.Nxe5 dxe5
36.Rexe5 Rxe5 37.Rxe5 Nxg2 38.Nd4 Rd6 39.Rg5 Nf4 40.Kc2 Ne6 41.Nxe6+ Rxe6
42.Kd3 Kd6 43.c4 bxc4+ 44.Kxc4 Ke7 45.b4 Kf6 46.Rg1 g5 47.a4 g4 48.b5 axb5+
49.axb5 Kg5 50.Rb1 Rb6 51.Kc5 Rb8 52.Kc6 h4 53.Kc7 Rg8 54.b6 h3 55.Rd1 h2
56.b7 g3 57.Rd8 Rxd8 58.Kxd8 h1=Q 59.b8=Q Qh8+  0-1

[Event "Open"]
[Site "Dubai UAE"]
[Date "2001.04.19"]
[Round "5"]
[White "Kayumov,S"]
[Black "Abdelnabbi,I"]
[Result "1/2-1/2"]
[WhiteElo "2244"]
[BlackElo "2434"]

1.e4 c5 2.Nf3 d6 3.d4 cxd4 4.Nxd4 Nf6 5.Nc3 Nc6 6.Bg5 e6 7.Qd2 a6 8.O-O-O Bd7
9.f4 h6 10.Bh4 g5 11.fxg5 Ng4 12.Nf3 hxg5 13.Bg3 Be7 14.Kb1 Rc8 15.Be2 Nge5
16.Rhf1 b5 17.Nxe5 Nxe5 18.Bxe5 dxe5 19.Bg4 Rc4 20.Qf2 Rh7 21.Bh5 Bf6 22.g4 Rh6
23.Qa7 b4 24.Na4 Qc7 25.Rxd7  1/2-1/2

[Event "Classics IMA"]
[Site "Gausdal NOR"]
[Date "2001.04.21"]
[Round "8"]
[White "Hermansson,E"]
[Black "Hitzgerova,G"]
[Result "1-0"]
[WhiteElo "2400"]
[BlackElo "2255"]

1.e4 c5 2.Nf3 d6 3.d4 cxd4 4.Nxd4 Nf6 5.Nc3 Nc6 6.Bg5 e6 7.Qd2 a6 8.O-O-O h6
9.Be3 Be7 10.f4 Nxd4 11.Bxd4 b5 12.Qe3 Qc7 13.e5 dxe5 14.Bxe5 Qc6 15.Be2 Bb7
16.f5 O-O 17.Bf3 Qc8 18.Bxf6 Bxf6 19.Ne4 Bxe4 20.Qxe4 Ra7 21.fxe6 Qxe6 22.Qxe6 fxe6
23.Rd6 e5 24.a3 Rd8 25.Rhd1 Bg5+ 26.Kb1 Rxd6 27.Rxd6 Kf8 28.Re6 Bf6 29.Bh5 Ra8
30.c3 a5 31.Rb6 Ke7 32.Bf3 Ra7 33.Rxb5 Kd6 34.Ka2 Ke6 35.Be4 Bd8 36.Bf3 Kf5
37.Rc5 Bb6 38.Rc4 Re7 39.Be4+ Kf4 40.b4 Ke3 41.Kb3 Rc7 42.Bc6 Re7 43.Ka4 axb4
44.axb4 e4 45.Kb5 Bc7 46.Bxe4 Bxh2 47.Bf3 Kf2 48.Rh4 Bg3 49.Rh1 Re5+ 50.Kc6 Re6+
51.Kd5 Rd6+ 52.Kc5 g5 53.Rb1 Rd3 54.Rb2+ Ke3 55.c4 Kf4 56.b5 Rxf3 57.gxf3 h5
58.b6 h4 59.b7 Ke3 60.b8=Q Bxb8 61.Rxb8 Kxf3 62.Rh8 Kg3 63.Kd4 h3 64.c5 g4
65.c6 Kg2 66.c7  1-0

[Event "TSGM"]
[Site "Belgrade YUG"]
[Date "2001.04.22"]
[Round "2"]
[White "Matulovic,M"]
[Black "Vuckovic,Bo"]
[Result "1/2-1/2"]
[WhiteElo "2420"]
[BlackElo "2479"]

1.e4 c5 2.Nf3 d6 3.d4 cxd4 4.Nxd4 Nf6 5.Nc3 Nc6 6.Bg5 e6 7.Qd2 a6 8.O-O-O Bd7
9.f4 b5 10.Nxc6 Bxc6 11.Qe1 h6 12.Bxf6 Qxf6 13.g3 Qe7 14.Bg2 Qb7 15.f5 Be7
16.fxe6 fxe6 17.Rf1 b4 18.Nb1 Rc8 19.Nd2 Ba4 20.Nb3 Qc7 21.Rf2 Bxb3 22.axb3 Qa5
23.Kb1 Bf6 24.e5 Qxe5 25.Qxe5 Bxe5 26.Bh3 Ke7 27.Rdf1 Rhf8 28.Rxf8 Rxf8 29.Rxf8 Kxf8
30.Bxe6 Ke7 31.Bc4 a5 32.Kc1 Kf6 33.Kd2 Bxb2 34.Ke3 Ke5 35.Bd3 Bc1+ 36.Ke2 Kd4
37.Bg6 Kc3 38.h4 h5 39.Kd1 Be3 40.Bxh5 Bf2 41.Bf7 Bxg3 42.h5 Bf4 43.Be6  1/2-1/2

[Event "TSGM"]
[Site "Belgrade YUG"]
[Date "2001.04.24"]
[Round "4"]
[White "Rajlich,V"]
[Black "Vuckovic,Bo"]
[Result "0-1"]
[WhiteElo "2337"]
[BlackElo "2479"]

1.e4 c5 2.Nf3 d6 3.d4 cxd4 4.Nxd4 Nf6 5.Nc3 Nc6 6.Bg5 e6 7.Qd2 a6 8.O-O-O Qb6
9.f4 Qxd4 10.Qxd4 Nxd4 11.Rxd4 Be7 12.Be2 Bd7 13.Bf3 Bc6 14.e5 Bxf3 15.gxf3 dxe5
16.fxe5 Nd5 17.Bxe7 Nxc3 18.Rc4 Ne2+ 19.Kd2 Kxe7 20.Kxe2 Rhc8 21.Rxc8 Rxc8
22.Kd3 Rd8+ 23.Kc3 Rd5 24.Re1 g5 25.Re2 Rd1 26.Kb4 Kd7 27.Re3 Rd4+ 28.c4 Rd2
29.f4 gxf4 30.Rh3 Rxb2+ 31.Ka3 Re2 32.Rxh7 Ke7 33.Rh4 Rxe5 34.Rxf4 Re3+ 35.Kb4 Re2
36.a4 Rxh2 37.Kc5 Rb2 38.a5 e5 39.Rf1 Ke6 40.Rd1 e4 41.Rd8 Ke5 42.Re8+ Kf4
43.Re7 f5 44.Kd4 Rb1 45.Kc3 Ke3 46.Kc2 Ra1 47.Rxb7 Rxa5 48.Kc3 f4 49.Rb3 Rc5
50.Rb1 f3 51.Re1+ Kf4 52.Kd4 Re5 53.c5 f2 54.Rc1 e3  0-1

[Event "54th ch-RUS"]
[Site "Elista RUS"]
[Date "2001.04.30"]
[Round "1"]
[White "Beshukov,S"]
[Black "Aseev,K"]
[Result "1-0"]
[WhiteElo "2463"]
[BlackElo "2577"]

1.e4 c5 2.Nf3 Nc6 3.d4 cxd4 4.Nxd4 Nf6 5.Nc3 d6 6.Bg5 e6 7.Qd2 a6 8.O-O-O Bd7
9.f3 Rc8 10.Kb1 Be7 11.Nxc6 Rxc6 12.h4 Bc8 13.Ne2 h6 14.Be3 d5 15.e5 Nd7
16.Nd4 Rc7 17.f4 Bxh4 18.Bd3 Be7 19.Qf2 Nc5 20.g4 Rf8 21.f5 b5 22.f6 gxf6
23.exf6 Bxf6 24.Nxb5 axb5 25.Bxc5 Be7 26.Bb6 Qd6 27.Bxc7 Qxc7 28.Bxb5+ Bd7
29.Bxd7+ Kxd7 30.Rxh6 Bd6 31.Rh7 Ke8 32.Qe2 Qc6 33.g5 Be7 34.Qh5 Qb5 35.a4 Qb4
36.Rxf7 Rxf7 37.Rf1  1-0

[Event "54th ch-RUS"]
[Site "Elista RUS"]
[Date "2001.05.02"]
[Round "3"]
[White "Lastin,A"]
[Black "Khasin,Al"]
[Result "1-0"]
[WhiteElo "2627"]
[BlackElo "2542"]

1.e4 c5 2.Nf3 Nc6 3.d4 cxd4 4.Nxd4 Nf6 5.Nc3 d6 6.Bg5 e6 7.Qd2 Qb6 8.Nb3 a6
9.O-O-O Qc7 10.f3 Rb8 11.g4 b5 12.Be3 Nd7 13.Qf2 Nb6 14.Kb1 b4 15.Ne2 Be7
16.h4 Ne5 17.Ned4 Nbc4 18.Bc1 a5 19.f4 Nd7 20.Bxc4 Qxc4 21.Nxa5 Qa6 22.Nac6 Ra8
23.Nxb4 Qa4 24.Ndc6 Bf8 25.b3 Qb5 26.Bb2 Nc5 27.a4 Qb6 28.f5 Nxa4 29.Qxb6 Nxb6
30.Be5 Kd7 31.Bxd6 Bxd6 32.e5 Nd5 33.fxe6+ fxe6 34.exd6 Nc3+ 35.Kb2 Nxd1+
36.Rxd1 Ke8 37.Ne5 Bd7 38.c4 Ra5 39.Nbd3  1-0

[Event "Backa Open"]
[Site "Palanka YUG"]
[Date "2001.05.03"]
[Round "2"]
[White "Rajlich,V"]
[Black "Leskur,D"]
[Result "0-1"]
[WhiteElo "2337"]
[BlackElo "2475"]

1.e4 c5 2.Nf3 d6 3.d4 cxd4 4.Nxd4 Nf6 5.Nc3 Nc6 6.Bg5 Qb6 7.Nb3 e6 8.Qd2 a6
9.O-O-O Be7 10.f3 O-O 11.Bxf6 Bxf6 12.Qxd6 Rd8 13.Qc5 Rxd1+ 14.Nxd1 Qc7 15.Kb1 b6
16.Qf2 Bb7 17.g4 Rd8 18.Bd3 Nb4 19.Nc1 Bg5 20.a3 Bxc1 21.axb4 Bf4 22.Nc3 Be5
23.Rd1 b5 24.Ne2 a5 25.f4 Bf6 26.e5 Be7 27.bxa5 Qxa5 28.Qe1 b4 29.Nc1 Ra8
30.Nb3 Qa2+ 31.Kc1 Rc8 32.Nd2 b3 33.Nb1 bxc2 34.Bxc2 Bd5 35.Rd3 g6 36.Rc3 Rb8
37.b3 Bb4 38.f5 Bxc3 39.Qxc3 Bxb3 40.fxe6 Bxc2 41.exf7+ Qxf7 42.Qxc2 Qf1+
43.Kd2 Qxb1 44.Qc4+ Kh8 45.e6 Qb4+  0-1

[Event "Bank Pocztowy Open A"]
[Site "Bydgoszcz POL"]
[Date "2001.05.06"]
[Round "9"]
[White "Klovans,J"]
[Black "Lagowski,P"]
[Result "1/2-1/2"]
[WhiteElo "2490"]
[BlackElo "2328"]

1.e4 c5 2.Nf3 d6 3.d4 cxd4 4.Nxd4 Nf6 5.Nc3 Nc6 6.Bg5 e6 7.Qd2 a6 8.O-O-O Bd7
9.f4 b5 10.Bxf6 gxf6 11.Nxc6 Bxc6 12.Bd3 Qb6 13.Rhe1 O-O-O 14.Kb1 h5 15.a3 Bh6
16.Ne2 Kd7 17.Ng3 Bf8 18.Be2 h4 19.Nh5 Be7 20.Bf3 Kc7 21.f5 e5 22.Re3 Bf8
23.Rc3 Be7 24.Qe1 a5 25.Qxh4 b4 26.Rb3 Qc5 27.Qe1 Rb8 28.Qe3 Qxe3 29.Rxe3 bxa3
30.Rxa3 d5 31.Rxa5 dxe4 32.Be2 Rb7 33.g4 e3 34.b3 Be4 35.Kb2 Rbb8 36.c3 Rhd8
37.Ng3 Rxd1 38.Bxd1 Bc6 39.Be2 Rd8 40.Ra2 e4 41.Nf1 Bd6 42.h4 Bf4 43.Ra1 Rd7
44.Bc4 e2 45.Bxe2 Bd5 46.b4 e3 47.Rd1 Bg2 48.Kb3 Re7 49.Rd4 Bh6 50.g5 Bxf1
51.Bxf1 fxg5 52.Bc4 gxh4 53.Rxh4 Bg5 54.Rg4 f6 55.Rd4 Re5  1/2-1/2

[Event "54th ch-RUS"]
[Site "Elista RUS"]
[Date "2001.05.07"]
[Round "7"]
[White "Beshukov,S"]
[Black "Khasin,Al"]
[Result "1-0"]
[WhiteElo "2463"]
[BlackElo "2542"]

1.e4 c5 2.Nf3 Nc6 3.d4 cxd4 4.Nxd4 Nf6 5.Nc3 d6 6.Bg5 Qb6 7.Nb3 e6 8.Qd2 a6
9.O-O-O Qc7 10.f3 Rb8 11.g4 b5 12.Kb1 Ne5 13.Qf2 b4 14.Ne2 a5 15.Nbd4 Nc4
16.Ng3 Be7 17.Bxc4 Qxc4 18.Bc1 Bb7 19.g5 Nd7 20.h4 g6 21.h5 e5 22.b3 Qc8
23.hxg6 fxg6 24.Ne6 Nf8 25.Nxf8 Bxf8 26.f4 exf4 27.Qxf4 Be7 28.Rhe1 Rf8 29.Nf5 Qd7
30.Nxd6+ Bxd6 31.Qxd6 Qxd6 32.Rxd6 Rc8 33.Be3 Rf7 34.Bd4 Rf4 35.Bf6 Kf8 36.Rd7 Bxe4
37.Rxh7 Rc6 38.Re7 Bxc2+ 39.Kb2  1-0

[Event "XXXVI Capablanca Mem Mixto"]
[Site "Havana CUB"]
[Date "2001.05.08"]
[Round "4"]
[White "Sanchez,V"]
[Black "Pina,S"]
[Result "1/2-1/2"]
[WhiteElo "2287"]
[BlackElo "2275"]

1.e4 c5 2.Nf3 d6 3.d4 cxd4 4.Nxd4 Nf6 5.Nc3 Nc6 6.Bg5 e6 7.Bb5 Bd7 8.Bxc6 bxc6
9.Qf3 e5 10.Nf5 Bxf5 11.Qxf5 Qd7 12.Qf3 Be7 13.h3 Rb8 14.b3 O-O 15.O-O h6
16.Bh4 Nh7 17.Bxe7 Qxe7 18.Rad1 Rbd8 19.Qd3 f5 20.Qc4+ Kh8 21.exf5 Qd7 22.f4 d5
23.Qc5 Rxf5 24.Ne2 exf4 25.Nxf4 Qf7 26.Nd3 Rf8 27.Rxf5 Qxf5 28.Qxa7 Ng5 29.Qe3 Ne4
30.a4 Qh5 31.Re1 Ng5 32.Nf4 Qf7 33.Nd3 Qg6 34.Kh2 Ne4 35.b4 Qd6+ 36.Kg1 Ng5
37.Qe5 Qg6 38.Kh2 Ne4 39.a5 Qf7 40.Qd4 Qc7+ 41.Qe5 Qf7 42.Qd4 Qc7+ 43.Kg1 Ng5
44.Ne5 Kg8 45.Qc5 Ne4 46.Qd4 Rf5 47.Nd3 Nd2 48.Nc5 Nc4 49.Nd3 Nd2 50.Nc5  1/2-1/2

[Event "65th ch-BUL"]
[Site "Tsarevo BUL"]
[Date "2001.05.12"]
[Round "2"]
[White "Spasov,V"]
[Black "Drenchev,P"]
[Result "1-0"]
[WhiteElo "2571"]
[BlackElo "2345"]

1.e4 c5 2.Nf3 d6 3.d4 cxd4 4.Nxd4 Nf6 5.Nc3 Nc6 6.Bg5 e6 7.Qd2 a6 8.O-O-O h6
9.Be3 Bd7 10.f4 b5 11.Bd3 Qc7 12.Kb1 e5 13.Nb3 exf4 14.Bxf4 Ne5 15.Rhf1 b4
16.Nd5 Nxd5 17.exd5 g6 18.Bxe5 dxe5 19.Qf2 f5 20.g4 Bg7 21.gxf5 O-O 22.d6 Qd8
23.Nc5 Kh8 24.Qg2  1-0

[Event "TCh-RUS"]
[Site "Tomsk RUS"]
[Date "2001.05.13"]
[Round "1"]
[White "Yemelin,V"]
[Black "Eliseev,A"]
[Result "0-1"]
[WhiteElo "2522"]
[BlackElo "2471"]

1.e4 c5 2.Nf3 d6 3.d4 cxd4 4.Nxd4 Nf6 5.Nc3 Nc6 6.Bg5 Qb6 7.Nb3 e6 8.Qd2 a6
9.O-O-O Qc7 10.f4 b5 11.Bxf6 gxf6 12.Kb1 Bd7 13.Bd3 Rc8 14.Rhg1 Rg8 15.g3 b4
16.Ne2 Qb6 17.f5 e5 18.Bc4 Nd8 19.Qd3 a5 20.Nd2 Qc5 21.c3 Bh6 22.Ba6 Ra8
23.Nb3 Qb6 24.Bc4 Ke7 25.Bd5 Ra7 26.Nd2 Bb5 27.Bc4 Bc6 28.Bd5 Nb7 29.Nc4 Qc5
30.Bxc6 Qxc6 31.Ne3 Bxe3 32.Qxe3 Nc5 33.Rd5 Rg4 34.Rgd1 Rd7 35.Qf3 Rxe4 36.g4 Qb7
37.h3 a4 38.cxb4 Rxb4 39.Nc3 Rxb2+ 40.Ka1 Rxa2+  0-1

[Event "TCh-RUS"]
[Site "Tomsk RUS"]
[Date "2001.05.14"]
[Round "2"]
[White "Tseshkovsky,V"]
[Black "Kotsur,P"]
[Result "1-0"]
[WhiteElo "2555"]
[BlackElo "2576"]

1.e4 c5 2.Nf3 d6 3.d4 Nf6 4.Nc3 cxd4 5.Nxd4 Nc6 6.Bg5 e6 7.Qd2 Qb6 8.Nb3 a6
9.O-O-O Qc7 10.Kb1 b5 11.f4 b4 12.Bxf6 gxf6 13.Ne2 Rb8 14.Ng3 h5 15.h4 a5
16.Be2 a4 17.Nd4 Nxd4 18.Qxd4 e5 19.Qd3 b3 20.cxb3 axb3 21.Nxh5 bxa2+ 22.Ka1 Be7
23.g4 Kf8 24.g5 Qb7 25.Qc3 fxg5 26.fxe5 dxe5 27.Qxe5 Rg8 28.Nf6 Qxb2+ 29.Qxb2 Rxb2
30.Nxg8 Rxe2 31.Nxe7 Kxe7 32.h5 Bb7 33.h6 Bxe4 34.Rde1 Rxe1+ 35.Rxe1 Kf6
36.Rxe4 Kg6 37.Kxa2 Kxh6 38.Kb2 Kh5 39.Kc2 g4 40.Kd2 Kh4 41.Ke2 Kh3 42.Kf2 Kh2
43.Re7 g3+ 44.Kf3  1-0

[Event "TCh-YUG"]
[Site "Herceg Novi YUG"]
[Date "2001.05.16"]
[Round "3"]
[White "Perunovic,Mil"]
[Black "Radovanovic,D"]
[Result "1-0"]
[WhiteElo "2471"]
[BlackElo "2327"]

1.e4 c5 2.Nf3 Nc6 3.d4 cxd4 4.Nxd4 Nf6 5.Nc3 d6 6.Bg5 e6 7.Qd2 a6 8.O-O-O Qb6
9.Nb3 Bd7 10.Kb1 Qc7 11.f4 b5 12.Bxf6 gxf6 13.f5 h5 14.g3 Ne5 15.fxe6 fxe6
16.Bh3 Nc4 17.Qd3 O-O-O 18.Nd4 Re8 19.Rhf1 Bg7 20.Nce2 Qc5 21.Nf4 Qb4 22.b3 f5
23.c3 Na3+ 24.Kb2 Qc5 25.exf5 exf5 26.Bxf5 b4 27.cxb4  1-0

[Event "TCh-YUG"]
[Site "Herceg Novi YUG"]
[Date "2001.05.17"]
[Round "4"]
[White "Radovanovic,D"]
[Black "Todorovic,J"]
[Result "1/2-1/2"]
[WhiteElo "2327"]
[BlackElo "2432"]

1.e4 c5 2.Nf3 d6 3.d4 cxd4 4.Nxd4 Nf6 5.Nc3 Nc6 6.Bg5 Bd7 7.Qd2 Rc8 8.Be2 Nxd4
9.Qxd4 Qa5 10.Bd2 a6 11.O-O Qc5 12.Qd3 g6 13.Be3 Qc7 14.f4 Bg7 15.a4 Be6
16.Rf2 Bc4 17.Qd2 Bxe2 18.Qxe2 O-O 19.f5 Qc4 20.Qf3 b5 21.axb5 axb5 22.g4 b4
23.Ra4 d5 24.Nxd5 Nxd5 25.exd5 Bxb2 26.Ra7 Rc7 27.Rxc7 Qxc7 28.Bh6  1/2-1/2

[Event "TCh-RUS"]
[Site "Tomsk RUS"]
[Date "2001.05.17"]
[Round "5"]
[White "Yemelin,V"]
[Black "Shushpanov,R"]
[Result "1-0"]
[WhiteElo "2522"]
[BlackElo "2370"]

1.e4 c5 2.Nf3 Nc6 3.d4 cxd4 4.Nxd4 Nf6 5.Nc3 d6 6.Bg5 e6 7.Qd2 Qb6 8.O-O-O Qxd4
9.Qxd4 Nxd4 10.Rxd4 a6 11.Bxf6 gxf6 12.Na4 Rg8 13.Nb6 Rb8 14.g3 Rg5 15.Bg2 Bd7
16.Nc4 Bc6 17.Nxd6+ Bxd6 18.Rxd6 Ra5 19.Kb1 f5 20.Re1 Ke7 21.Rd2 Rg8 22.Rd4 h5
23.Bh1 fxe4 24.Bxe4 Re5 25.Re3 h4 26.Bxc6 Rxe3 27.fxe3 hxg3 28.Rd7+ Kf6 29.Bxb7 g2
30.Bxg2 Rxg2 31.b4 Rxh2 32.a4 Rh8 33.Kb2 Rc8 34.Kb3 e5 35.Ra7 Kf5 36.Rxf7+ Ke4
37.Re7 Rh8 38.b5 axb5 39.axb5 Rh3 40.b6 Rxe3+ 41.Kb2 Rh3 42.b7 Rh8 43.c4 Kd4
44.Rc7 Rh2+ 45.Ka3 Rh3+ 46.Kb4 Rh1 47.Rd7+ Ke3 48.Kc5 Rb1 49.Kc6 Rb4 50.c5  1-0